| 000 | 01112cam a22003373a 4500 | ||
|---|---|---|---|
| 001 | 1239 | ||
| 003 | PGUSA | ||
| 005 | 20140828082958.0 | ||
| 008 | 980301s1998||||xxu|||||s|||||000 1 eng d | ||
| 040 |
_aPGUSA _beng |
||
| 042 | _adc | ||
| 050 | 4 | _aPS | |
| 100 | 1 |
_aGrey, Zane, _d1872-1939 |
|
| 245 | 1 | 4 |
_aThe Spirit of the Border : _bA Romance of the Early Settlers in the Ohio Valley _h[electronic resource] / _cZane Grey |
| 260 |
_bProject Gutenberg, _c1998 |
||
| 506 | _aPublic domain in the USA. | ||
| 516 | _aElectronic text | ||
| 653 | _aIndians of North America -- Wars -- 1750-1815 -- Fiction | ||
| 653 | _aFrontier and pioneer life -- Fiction | ||
| 653 | _aScouting (Reconnaissance) -- Fiction | ||
| 653 | _aWomen pioneers -- Fiction | ||
| 653 | _aOhio River Valley -- Fiction | ||
| 653 | _aBiographical fiction | ||
| 653 | _aZane, Betty -- Fiction | ||
| 653 | _aWetzel, Lewis, 1763-1808 -- Fiction | ||
| 653 | _aFort Henry (W. Va.) -- Fiction | ||
| 653 | _aHistorical fiction | ||
| 830 | 0 |
_aProject Gutenberg _v1239 |
|
| 856 | 4 | 0 | _uhttp://www.gutenberg.org/ebooks/1239 |
| 942 | _cEB | ||
| 999 |
_c230587 _d230587 |
||